Calendar of the letters of E.M. Forster / (Record no. 119745)
[ view plain ]
| 000 -LEADER | |
|---|---|
| fixed length control field | 00848cam a2200241 a 4500 |
| 001 - CONTROL NUMBER | |
| control field | 3315647 |
| 003 - CONTROL NUMBER IDENTIFIER | |
| control field | BD-DhUL |
| 005 - DATE AND TIME OF LATEST TRANSACTION | |
| control field | 20161103184805.0 |
| 008 - FIXED-LENGTH DATA ELEMENTS--GENERAL INFORMATION | |
| fixed length control field | 841213s1985 UK c 000 0 eng |
| 010 ## - LIBRARY OF CONGRESS CONTROL NUMBER | |
| LC control number | 84029556 |
| 020 ## - INTERNATIONAL STANDARD BOOK NUMBER | |
| International Standard Book Number | 0720117046 : |
| Terms of availability | £35.00 (est.) ($70.00 U.S. : est.) |
| 040 ## - CATALOGING SOURCE | |
| Original cataloging agency | DLC |
| Transcribing agency | BD-DhUL |
| Modifying agency | DLC |
| 082 00 - DEWEY DECIMAL CLASSIFICATION NUMBER | |
| Classification number | 016.823912 |
| Edition number | 19 |
| Item number | FOC |
| 100 1# - MAIN ENTRY--PERSONAL NAME | |
| Personal name | Lago, Mary. |
| 245 10 - TITLE STATEMENT | |
| Title | Calendar of the letters of E.M. Forster / |
| Statement of responsibility, etc. | compiled by Mary Lago. |
| 260 ## - PUBLICATION, DISTRIBUTION, ETC. (IMPRINT) | |
| Place of publication, distribution, etc. | New York : |
| Name of publisher, distributor, etc. | Mansell Pub. Ltd., |
| Date of publication, distribution, etc. | 1985. |
| 300 ## - PHYSICAL DESCRIPTION | |
| Extent | xxiii, 199 p. : |
| Dimensions | 27 cm. |
| 600 10 - SUBJECT ADDED ENTRY--PERSONAL NAME | |
| Personal name | Forster, E. M. |
| Fuller form of name | (Edward Morgan), |
| Dates associated with a name | 1879-1970 |
| General subdivision | Correspondence |
| -- | Catalogs. |
| 600 10 - SUBJECT ADDED ENTRY--PERSONAL NAME | |
| Personal name | Forster, E. M. |
| Fuller form of name | (Edward Morgan), |
| Dates associated with a name | 1879-1970 |
| General subdivision | Manuscripts |
| -- | Catalogs. |
| 650 #0 - SUBJECT ADDED ENTRY--TOPICAL TERM | |
| Topical term or geographic name as entry element | Manuscripts, English |
| General subdivision | Catalogs. |
| 906 ## - LOCAL DATA ELEMENT F, LDF (RLIN) | |
| a | 7 |
| b | cbc |
| c | orignew |
| d | 1 |
| e | ocip |
| f | 19 |
| g | y-gencatlg |
| 942 ## - ADDED ENTRY ELEMENTS (KOHA) | |
| Source of classification or shelving scheme | |
| Koha item type | Books |
| Price effective from | Date last seen | Permanent Location | Not for loan | Date acquired | Source of classification or shelving scheme | Koha item type | Lost status | Withdrawn status | Copy number | Source of acquisition | Collection code | Damaged status | Shelving location | Barcode | Current Location | Full call number |
|---|---|---|---|---|---|---|---|---|---|---|---|---|---|---|---|---|
| 2016-11-03 | 2016-11-03 | Dhaka University Library | 2016-11-03 | Books | 1 | purchased | Non Fiction | General Stacks | A284693 | Dhaka University Library | 016.823912 FOC |
